Central Library OPAC University of Rajshahi

experiences in movement : (Record no. 49913)

MARC details
000 -LEADER
fixed length control field 00928nam a2200277 a 4500
001 - CONTROL NUMBER
control field 49913
003 - CONTROL NUMBER IDENTIFIER
rucl marc code BD-RjUL
005 - DATE AND TIME OF LATEST TRANSACTION
control field 20211209075430.0
008 - FIXED-LENGTH DATA ELEMENTS--GENERAL INFORMATION
fixed length control field 160823m19761964paua 001 0 eng d
020 ## - INTERNATIONAL STANDARD BOOK NUMBER
International Standard Book Number 0721635326
035 ## - SYSTEM CONTROL NUMBER
System control number (BD-RjUL)50033
040 ## - CATALOGING SOURCE
Original cataloging agency DLC
Transcribing agency DLC
Modifying agency EQO
-- BD-RjUL
Language of cataloging eng
041 ## - LANGUAGE CODE
Language code of text/sound track or separate title eng
082 ## - DEWEY DECIMAL CLASSIFICATION NUMBER
Classification number 372.86
Edition number 23
Author mark and year FAE 1976
100 10 - MAIN ENTRY--PERSONAL NAME
Personal name Fait, Hollis F.
9 (RLIN) 149451
245 10 - TITLE STATEMENT
Title experiences in movement :
Remainder of title Physical education for the elementary school child /
Statement of responsibility, etc. Hollis F. Fait ; Illustrated by Gregory Fait and Gerry Fait
250 ## - EDITION STATEMENT
Edition statement 3rd ed.
260 ## - PUBLICATION, DISTRIBUTION, ETC. (IMPRINT)
Place of publication, distribution, etc. Philadelphia :
Name of publisher, distributor, etc. W. B. Saunders,
Date of publication, distribution, etc. 1976.
300 ## - PHYSICAL DESCRIPTION
Pagination xvii, 524 p. :
Illustrations ill ;
Size 26 cm.
500 ## - GENERAL NOTE
General note Includes index
650 #0 - SUBJECT ADDED ENTRY--TOPICAL TERM
Topical term or geographic name as entry element Physical education for children
9 (RLIN) 142633
Topical term or geographic name as entry element Physical education for children
Form subdivision Curricula
Chronological subdivision United States
9 (RLIN) 149592
700 ## - ADDED ENTRY--PERSONAL NAME
Personal name Fait, Gregory
Personal name Fait, Gerry
942 ## - ADDED ENTRY ELEMENTS (KOHA)
Source of classification or shelving scheme Dewey Decimal Classification
Koha item type Books
Holdings
Lost status Source of classification or shelving scheme Damaged status Not for loan Collection code Permanent Location Current Location Shelving location Date acquired Source of acquisition Total Checkouts Full call number Date last seen Copy number Koha item type
  Dewey Decimal Classification     Non-fiction Central Library, University of Rajshahi Central Library, University of Rajshahi   12/05/1991 Canada   372.86 FAE 1976 23/08/2016 C-2 Books